Future Events in What City? - Statistics

General Stats
  • This quiz has been taken 14 times
  • The average score is 3 of 5
Answer Stats
year event Answer % Correct
2025 Wimbledon London
92%
2025 Tour De France Paris
85%
2025 Super Bowl New Orleans
54%
2026 Winter Olympics Milan
46%
2025 Stanly Cup New York City
31%
No matching quizzes found
Score Distribution
Percent of People with Each Score
Percentile by Number Answered
Your Score History
You have not taken this quiz